Dreaming of Surf and Sand Quiz Stats

 Plays Quiz not verified by Sporcle

Support Sporcle.
Go Orange.
Score 0/22 Timer 05:00
0 Plays Today
Question Answer Wrong Answers
Seaside Heights New Jersey
75.6%
Delaware
4.9%
New York
4.9%
Lewes Delaware
70.7%
New Jersey
4.9%
New York
9.8%
Rehoboth Beach Delaware
68.3%
New Jersey
14.6%
New York
0%
Babylon New York
65.9%
Delaware
7.3%
New Jersey
7.3%
Dewey Beach Delaware
65.9%
New Jersey
4.9%
New York
4.9%
Montauk New York
63.4%
Delaware
7.3%
New Jersey
9.8%
Bethany Beach Delaware
63.4%
New Jersey
12.2%
New York
7.3%
Sea Bright New Jersey
56.1%
Delaware
14.6%
New York
12.2%
Lavallette New Jersey
53.7%
Delaware
22%
New York
4.9%
Brigantine New Jersey
53.7%
Delaware
17.1%
New York
12.2%
Fenwick Island Delaware
53.7%
New Jersey
19.5%
New York
9.8%
Amagansett New York
51.2%
Delaware
9.8%
New Jersey
17.1%
Bradley Beach New Jersey
51.2%
Delaware
12.2%
New York
12.2%
Ship Bottom New Jersey
48.8%
Delaware
19.5%
New York
17.1%
Avalon New Jersey
48.8%
Delaware
12.2%
New York
17.1%
Stone Harbor New Jersey
48.8%
Delaware
9.8%
New York
26.8%
Mastic Beach New York
34.1%
Delaware
24.4%
New Jersey
22%
Saltaire New York
31.7%
Delaware
22%
New Jersey
34.1%
York Beach Delaware
29.3%
New Jersey
9.8%
New York
43.9%
Longport New Jersey
29.3%
Delaware
17.1%
New York
34.1%
Atlantic Beach New York
26.8%
Delaware
7.3%
New Jersey
48.8%
Ocean Beach New York
19.5%
Delaware
17.1%
New Jersey
46.3%

You're not logged in!

Compare scores with friends on all Sporcle quizzes.
OR
Log In

From the Vault

2000s Movies A-Z VI

by ghcgh

A lot of these movies are old enough to drive now.
Remove Ads.
Support Sporcle.
Get the best of Sporcle when you Go Orange. This ad-free experience offers more features, more stats, and more fun while also helping to support Sporcle. Thank you for becoming a member.

Show Comments

Extras

Top Quizzes Today


Score Distribution

Your Account Isn't Verified!

In order to create a playlist on Sporcle, you need to verify the email address you used during registration. Go to your Sporcle Settings to finish the process.

Report this User

Report this user for behavior that violates our Community Guidelines.

Details: